The Quarterly review. (Record no. 1712)

MARC details
000 -LEADER
campo de control de longitud fija 00815nas a2200241 i 4500
001 - NÚMERO DE CONTROL
campo de control 1712
003 - IDENTIFICADOR DE NÚMERO DE CONTROL
campo de control ES-MaACL
005 - FECHA Y HORA DE LA ÚLTIMA TRANSACCIÓN
campo de control 20250217134333.0
007 - CAMPO FIJO DE DESCRIPCIÓN FÍSICA--INFORMACIÓN GENERAL
campo de control de longitud fija t|
008 - DATOS DE LONGITUD FIJA--INFORMACIÓN GENERAL
campo de control de longitud fija 950801d18091967xxk | | 1 ||ng d
022 ## - NÚMERO INTERNACIONAL NORMALIZADO PARA PUBLICACIONES SERIADAS
Número Internacional Normalizado para Publicaciones Seriadas 2043-5819
245 04 - MENCIÓN DEL TÍTULO
Título The Quarterly review.
260 ## - PUBLICACIÓN, DISTRIBUCIÓN, ETC.
Lugar de publicación, distribución, etc. London :
Nombre del editor, distribuidor, etc. John Murray,
Fecha de publicación, distribución, etc. 1809-1967 (
Fabricante W. Clowes and Sons)
300 ## - DESCRIPCIÓN FÍSICA
Extensión 186 v. ;
Dimensiones 22 cm.
310 ## - PERIODICIDAD ACTUAL
Periodicidad actual Trimestral
362 0# - FECHAS DE PUBLICACIÓN Y/O DESIGNACIÓN SECUENCIAL
Fecha de publicación y/o designación secuencial Vol. 1, n. 1 (Feb. 1809)-v. 305, n. 654 (Oct. 1967)
500 ## - NOTA GENERAL
Nota general En 1940 hay un índice que comprende del v. CXLI al CLIX.
650 14 - PUNTO DE ACCESO ADICIONAL DE MATERIA--TÉRMINO DE MATERIA
Término de materia o nombre geográfico como elemento de entrada Revistas de información general.
9 (RLIN) 16896
650 #4 - PUNTO DE ACCESO ADICIONAL DE MATERIA--TÉRMINO DE MATERIA
Término de materia o nombre geográfico como elemento de entrada Literatura inglesa-
Subdivisión cronológica S.XIX.
9 (RLIN) 142569
852 ## - LOCALIZACIÓN
Ubicación ES-MaACL
Número de control de estantería Hem-821
866 #0 - MENCIÓN TEXTUAL DE FONDOS--UNIDAD BIBLIOGRÁFICA BÁSICA
Fondos (1835),1844-46(1847f.v.LXX)1848-70(1871f.v.131)1872-1934(1935f.abr.y jul.)1936f.v.267)1937-39.
Holdings
Estatus retirado Estado de pérdida Estado de daño No para préstamo Colección Biblioteca de origen Biblioteca actual Ubicación en estantería Fecha de adquisición Fuente de adquisición Total de préstamos Signatura topográfica completa Código de barras Visto por última vez Precio de reemplazo Tipo de ítem Koha
        Periódicos y Revistas Biblioteca del Ateneo de Madrid Biblioteca del Ateneo de Madrid Depósito 1 17/01/2008     Hem-821 1001748 23/02/2023 23/02/2023 Revista